[Event "GER-chT U12"]
[Site "Schney"]
[Date "2013.12.28"]
[Round "3.4"]
[White "Hildermann, Richard"]
[Black "Buschmann, Julius"]
[Result "0-1"]
[WhiteElo "983"]
[BlackElo "1230"]
[PlyCount "124"]
[EventDate "2013.12.27"]
[EventType "team-swiss"]
[EventRounds "7"]
[EventCountry "GER"]
[SourceTitle "EXT 2015"]
[Source "ChessBase"]
[SourceDate "2014.11.20"]
[SourceVersion "1"]
[SourceVersionDate "2014.11.20"]
[SourceQuality "1"]
[WhiteTeam "Nuernberg Zabo"]
[BlackTeam "Leipzig Turm"]
[WhiteTeamCountry "GER"]
[BlackTeamCountry "GER"]

1. e4 e5 2. Nf3 Nc6 3. Nc3 Bc5 4. Bc4 Nf6 5. d3 d6 6. 0-0 Bg4 7. h3 Be6 8. Bxe6 fxe6 9. Nb5 a6 10. Nc3 0-0 11. Na4 Ba7 12. Kh1 d5 13. Ng5 Qd7 14. Nc3 h6 15. Nf3 Rad8 16. Qd2 Qe7 17. Qe2 Nd4 18. Qe3 Bb6 19. Nxe5 Kh7 20. Qd2 dxe4 21. dxe4 Nf3 22. Qf4 Nxe5 23. Qxe5 Nd7 24. Qg3 Qb4 25. a3 Qc4 26. Bf4 Nf6 27. f3 Nh5 28. Qh4 Nxf4 29. Rad1 Rxd1 30. Rxd1 Ng6 31. Qg3 c6 32. Qg4 Rd8 33. Re1 Ba5 34. Qg3 Bxc3 35. bxc3 Qxc3 36. Rb1 Qc5 37. Qc7 Qe7 38. Qa5 e5 39. c4 Rd4 40. c5 Rc4 41. Rd1 Qxc5 42. Qc7 Rc1 43. Rxc1 Qxc1+ 44. Kh2 Qe1 45. Qxb7 Qf2 46. Qb1 Nf4 47. Qg1 Qxg1+ 48. Kxg1 Kg6 49. Kf2 Kf6 50. h4 Ke6 51. Kg3 c5 52. Kf2 c4 53. g3 c3 54. Ke1 Kd6 55. gxf4 exf4 56. Ke2 g5 57. hxg5 h5 58. g6 Ke6 59. e5 h4 60. g7 Kf7 61. e6+ Kxg7 62. e7 Kf7 0-1

[Event "GER-chT U12"]
[Site "Schney"]
[Date "2013.12.27"]
[Round "2.4"]
[White "Riede, Niklas"]
[Black "Hildermann, Richard"]
[Result "1-0"]
[WhiteElo "1081"]
[BlackElo "983"]
[PlyCount "111"]
[EventDate "2013.12.27"]
[EventType "team-swiss"]
[EventRounds "7"]
[EventCountry "GER"]
[SourceTitle "EXT 2015"]
[Source "ChessBase"]
[SourceDate "2014.11.20"]
[SourceVersion "1"]
[SourceVersionDate "2014.11.20"]
[SourceQuality "1"]
[WhiteTeam "Brackel"]
[BlackTeam "Nuernberg Zabo"]
[WhiteTeamCountry "GER"]
[BlackTeamCountry "GER"]

1. e4 e5 2. Nf3 Nc6 3. Nc3 Nf6 4. Bb5 d6 5. d3 Bd7 6. 0-0 a6 7. Ba4 Nb8 8. Bb3 Bg4 9. h3 Bh5 10. Re1 Nc6 11. Nd5 Be7 12. Nxe7 Qxe7 13. Bg5 0-0 14. c3 b5 15. Bd5 Qd7 16. Bxf6 gxf6 17. d4 Rfe8 18. Qd3 Kf8 19. Nh4 Ke7 20. Nf5+ Kd8 21. Ng7 Rg8 22. Nxh5 Rg6 23. Rac1 Ke7 24. c4 Rag8 25. g4 Nxd4 26. cxb5 axb5 27. f4 c6 28. Bb3 d5 29. f5 Rg5 30. Kf2 dxe4 31. Qxe4 b4 32. Ba4 Rc8 33. Nxf6 Qd6 34. Nd5+ cxd5 35. Qxd4 Rcg8 36. Qxe5+ Qxe5 37. Rxe5+ Kf6 38. Rxd5 h5 39. Bd1 hxg4 40. Bxg4 Ra8 41. Rb5 Rxa2 42. Rxb4 Rg8 43. Rb1 Ra5 44. Rc4 Rd8 45. b4 Ra2+ 46. Ke3 Ke5 47. b5 Ra3+ 48. Kf2 Rd2+ 49. Be2 Kd5 50. Rc8 Rxh3 51. Ke1 Rd4 52. Rd8+ Ke4 53. Rxd4+ Kxd4 54. b6 Ke3 55. b7 Rh1+ 56. Bf1 1-0